[Event "BCF-chT4S 1718 (4NCL)"]
[Site "England"]
[Date "2018.02.10"]
[Round "5.96"]
[White "Ribbands, Patrick C"]
[Black "Faizi, Tariq"]
[Result "1-0"]
[WhiteElo "1735"]
[BlackElo "1456"]
[PlyCount "43"]
[EventDate "2017.11.11"]
[EventType "team-swiss"]
[EventRounds "11"]
[EventCountry "ENG"]
[SourceTitle "EXT 2020"]
[Source "ChessBase"]
[SourceDate "2019.10.17"]
[SourceVersion "1"]
[SourceVersionDate "2019.10.17"]
[SourceQuality "1"]
[WhiteTeam "Poisoned Pawns II"]
[BlackTeam "The Pitstop"]
[WhiteTeamCountry "ENG"]
[BlackTeamCountry "ENG"]

1. c4 Nf6 2. Nc3 g6 3. g3 Bg7 4. Bg2 0-0 5. e3 c5 6. Nge2 d6 7. 0-0 Nc6 8. d4 Bd7 9. h3 Qc8 10. Kh2 h5 11. b3 e5 12. d5 Ne7 13. e4 Nh7 14. f4 f5 15. fxe5 Bxe5 16. Bf4 Bxf4 17. Nxf4 fxe4 18. Nxe4 Qc7 19. Qd2 Nf6 20. Ng5 Qc8 21. Nfe6 Re8 22. Rxf6 1-0

[Event "BCF-chT4S 1718 (4NCL)"]
[Site "England"]
[Date "2018.01.13"]
[Round "3.64"]
[White "Ribbands, Patrick C"]
[Black "Lawson, Maurice Elliot"]
[Result "0-1"]
[WhiteElo "1735"]
[BlackElo "1953"]
[PlyCount "56"]
[EventDate "2017.11.11"]
[EventType "team-swiss"]
[EventRounds "11"]
[EventCountry "ENG"]
[SourceTitle "EXT 2020"]
[Source "ChessBase"]
[SourceDate "2019.10.17"]
[SourceVersion "1"]
[SourceVersionDate "2019.10.17"]
[SourceQuality "1"]
[WhiteTeam "Poisoned Pawns II"]
[BlackTeam "CSC Dragons II"]
[WhiteTeamCountry "ENG"]
[BlackTeamCountry "ENG"]

1. c4 e5 2. Nc3 Nc6 3. g3 d6 4. Bg2 Be6 5. d3 Qd7 6. Nd5 g6 7. e4 Bg7 8. Ne2 Nd8 9. 0-0 c6 10. Ne3 Bh3 11. b3 Bxg2 12. Kxg2 Ne7 13. Ba3 Ne6 14. Rc1 Rd8 15. Qd2 0-0 16. Rcd1 Rfe8 17. f4 exf4 18. Nxf4 Nxf4+ 19. Rxf4 Bh6 20. Rf3 d5 21. exd5 Nf5 22. Re1 cxd5 23. Qf2 Nxe3+ 24. Rfxe3 Bxe3 25. Rxe3 Rxe3 26. Qxe3 dxc4 27. Bb2 Qxd3 28. Qe5 Qd5+ 0-1

[Event "BCF-chT4S 1718 (4NCL)"]
[Site "England"]
[Date "2017.11.11"]
[Round "1.45"]
[White "Ribbands, Patrick C"]
[Black "Wilson, Andrew C"]
[Result "1-0"]
[WhiteElo "1735"]
[BlackElo "1387"]
[PlyCount "63"]
[EventDate "2017.11.11"]
[EventType "team-swiss"]
[EventRounds "11"]
[EventCountry "ENG"]
[SourceTitle "EXT 2020"]
[Source "ChessBase"]
[SourceDate "2019.10.17"]
[SourceVersion "1"]
[SourceVersionDate "2019.10.17"]
[SourceQuality "1"]
[WhiteTeam "Poisoned Pawns II"]
[BlackTeam "Camberley Juniors"]
[WhiteTeamCountry "ENG"]
[BlackTeamCountry "ENG"]

1. c4 e6 2. Nf3 Nf6 3. Nc3 d5 4. e3 c5 5. cxd5 exd5 6. d4 cxd4 7. Nxd4 Bd6 8. Be2 0-0 9. 0-0 Be6 10. b3 Nc6 11. Bb2 Nxd4 12. Qxd4 Re8 13. Bf3 Bf8 14. Rfd1 Rc8 15. Qxa7 b6 16. Qa6 Ra8 17. Qd3 Ra5 18. Rd2 Qd7 19. Rad1 Rd8 20. Qe2 Qc8 21. Na4 Qb8 22. Bxf6 gxf6 23. Nc3 Qe5 24. Nb5 Bb4 25. Rd4 Bd6 26. Nxd6 Rxd6 27. h3 Bd7 28. Qd2 Be6 29. e4 Rc5 30. exd5 Bf5 31. Rc4 Rb5 32. Re1 1-0

[Event "BCF-chT3 0405 (4NCL)"]
[Site "Telford"]
[Date "2005.05.29"]
[Round "10.8"]
[White "Ribbands, Patrick C"]
[Black "Smith, Katherine"]
[Result "1-0"]
[WhiteElo "1945"]
[BlackElo "1750"]
[PlyCount "57"]
[EventDate "2004.11.06"]
[EventType "team"]
[EventRounds "11"]
[EventCountry "ENG"]
[SourceTitle "EXT 2006"]
[Source "ChessBase"]
[SourceDate "2005.11.24"]
[SourceVersion "1"]
[SourceVersionDate "2005.11.24"]
[SourceQuality "1"]
[WhiteTeam "Poisoned Pawns II"]
[BlackTeam "Oxford"]
[WhiteTeamCountry "ENG"]
[BlackTeamCountry "ENG"]

1. c4 d6 2. Nc3 Nf6 3. g3 g6 4. Bg2 Bg7 5. d3 0-0 6. e4 Re8 7. Nge2 e5 8. 0-0 Na6 9. h3 b6 10. Be3 Bd7 11. Qd2 Qc8 12. Kh2 c5 13. f4 Qd8 14. Rf2 Nb4 15. Raf1 Rf8 16. a3 Nc6 17. fxe5 Nxe5 18. Kh1 Ne8 19. b3 f6 20. d4 Nf7 21. Nd5 Ng5 22. Nxf6+ Bxf6 23. Bxg5 Bxg5 24. Rxf8+ Kg7 25. R1f7+ Kh6 26. Nf4 Qc8 27. h4 Bxf4 28. Qxf4+ Kh5 29. Qg5# 1-0